Normal view
MARC view
Entry Personal Name
001 - CONTROL NUMBER
- control field: 3766
003 - CONTROL NUMBER IDENTIFIER
- control field: BD-RjUL
005 - DATE AND TIME OF LATEST TRANSACTION
- control field: 20220620162844.0
008 - FIXED-LENGTH DATA ELEMENTS
- fixed length control field: 220620|| aca||aabn | a|a d
040 ## - CATALOGING SOURCE
- Original cataloging agency: BD-RjUL
- Transcribing agency: BD-RjUL
100 ## - HEADING--PERSONAL NAME
- Personal name: Alam, M. Shah, Principal Supervisor
670 ## - SOURCE DATA FOUND
- Source citation: Work cat.: (BD-RjUL)80003: Nahar, Ainun 3763, Phytochemical and biological screening of some selected antimycotic medicinal plants in Bangladesh /, 2088